Einfache lateinische Sätze - Mehrfachauswahl - Statistiken

Allgemein
  • Dieses Quiz wurde 554 mal gespielt
  • Das Durchschnittsergebnis liegt bei 11 aus 12
Antwortstatistiken
Frage Antwort % Korrekt
Cogito ergo sum ich denke, also bin ich
98%
Veni, vidi, vici ich kam, ich sah, ich siegte
95%
Vox populi Stimme des Volkes
95%
Carpe diem genieße den Tag
93%
In vino veritas im Wein liegt die Wahrheit
93%
Amor vincit omnia Liebe besiegt alles
93%
Dulce et decorum est pro patria mori Süß und ehrenvoll ist es, fürs Vaterland zu sterben
93%
Nomen est omen der Name ist ein Zeichen
91%
Alea iacta est der Würfel ist gefallen
91%
Morituri te salutant die Todgeweihten grüßen dich
91%
Noli turbare circulos meos Störe meine Kreise nicht
81%
Ad astra per aspera durch das Raue zu den Sternen
72%
Keine übereinstimmenden Quizze gefunden
Verteilung der Resultate
Anzahl Personen mit jedem Resultat
Perzentil nach korrekt beantworteten Fragen
Ihre Resultats-Entwicklung
Sie haben dieses Quiz noch nicht gespielt